Poesía moderna : Aurora Reyes /

Gardado en:
Detalles Bibliográficos
Autor Principal: Reyes, Aurora (autor)
Outros autores: López Moreno, Roberto (selección e introducción) (selección e introducción)
Formato: Libro
Idioma:Lingua castelá
Publicado: México : UNAM, Coordinación de Difusión Cultural, 1994, c1994
Series:(Material de Lectura. Poesía Moderna ; 179)
Temas:
Etiquetas: Engadir etiqueta
Sen Etiquetas, Sexa o primeiro en etiquetar este rexistro!

MARC

LEADER 00000nam^a2200000^a^4500
001 000194054
005 20250521000000.0
009 20260310102704.595
020 |a 968-36-3522-7 
025 |a Donación sin dato, 1 ejemplar 
037 |a Acervo ITESO - Biblioteca 
041 |a ESP 
082 |a 808. 8  |b MAT POE V. 179 
100 |a Reyes, Aurora  |e (autor) 
240 1 1 |a [Poesía moderna] 
245 1 0 |a Poesía moderna :  |b Aurora Reyes /  |c A. Reyes ; selec. e introd. de R. López Moreno. 
264 4 |a México :  |b UNAM, Coordinación de Difusión Cultural,  |c 1994, c1994 
300 |a 33 p. 
336 |a texto  |b txt  |2 rdacontenido 
337 |a sin mediación  |b n  |2 rdamedio 
338 |a volumen  |b nc  |2 rdasoporte 
440 1 |a (Material de Lectura.  |p Poesía Moderna ;  |v 179) 
649 |a XX 
650 |a Poesía Mexicana 
650 |a Literatura Mexicana -  |y Siglo XX 
650 |a Literatura de Mujeres -  |z México 
700 |a López Moreno, Roberto  |e (selección e introducción) 
910 |a Fondo General 
920 |a Impresos - Libros 
930 |a Colección General 
940 |a Literatura 
905 |a 101 
901 |a 0500139217  |b IT1  |c LIT  |i D  |u 20250521 
902 |a https://opac.biblio.iteso.mx/vufind/Record/000194054